<?xml version="1.0" encoding="UTF-8"?>
<record
    xmlns:xsi="http://www.w3.org/2001/XMLSchema-instance"
    xsi:schemaLocation="http://www.loc.gov/MARC21/slim http://www.loc.gov/standards/marcxml/schema/MARC21slim.xsd"
    xmlns="http://www.loc.gov/MARC21/slim">

  <leader>01353nam a22002897a 4500</leader>
  <controlfield tag="005">20110506143939.0</controlfield>
  <controlfield tag="008">110506t        xxu||||| |||| 00| 0 eng d</controlfield>
  <datafield tag="010" ind1=" " ind2=" ">
    <subfield code="a">ENG-102388</subfield>
  </datafield>
  <datafield tag="020" ind1=" " ind2=" ">
    <subfield code="a">9788178311890</subfield>
    <subfield code="c">400.00</subfield>
  </datafield>
  <datafield tag="035" ind1=" " ind2=" ">
    <subfield code="a">EN-85921</subfield>
  </datafield>
  <datafield tag="037" ind1=" " ind2=" ">
    <subfield code="b">DBAD/PUB</subfield>
  </datafield>
  <datafield tag="040" ind1=" " ind2=" ">
    <subfield code="a">dpl</subfield>
    <subfield code="b">Eng</subfield>
  </datafield>
  <datafield tag="082" ind1=" " ind2=" ">
    <subfield code="a">338.0408991405357</subfield>
  </datafield>
  <datafield tag="100" ind1=" " ind2=" ">
    <subfield code="a">Jain, Prakash C. </subfield>
    <subfield code="d">1946-</subfield>
    <subfield code="q">(Prakash Chand)</subfield>
    <subfield code="9">27787</subfield>
  </datafield>
  <datafield tag="245" ind1=" " ind2=" ">
    <subfield code="a">Non-resident Indian entrepreneurs in the United Arab Emirates /</subfield>
    <subfield code="c">by Prakash C. Jain</subfield>
  </datafield>
  <datafield tag="260" ind1=" " ind2=" ">
    <subfield code="a">New Delhi</subfield>
    <subfield code="b">Manak Publications</subfield>
    <subfield code="c">2010</subfield>
  </datafield>
  <datafield tag="270" ind1=" " ind2=" ">
    <subfield code="a">B-7, Saraswati Complex, Subhash Chowk, Laxmi Nagar</subfield>
    <subfield code="b">New Delhi</subfield>
    <subfield code="e">110092</subfield>
    <subfield code="k">22453894,22042529</subfield>
    <subfield code="m">manak_publications@hotmail.com</subfield>
  </datafield>
  <datafield tag="300" ind1=" " ind2=" ">
    <subfield code="a">xvi,227p. </subfield>
    <subfield code="c">23cm (Hb)</subfield>
  </datafield>
  <datafield tag="500" ind1=" " ind2=" ">
    <subfield code="a">Includes bibliographical references and index</subfield>
  </datafield>
  <datafield tag="650" ind1=" " ind2=" ">
    <subfield code="a">East Indian business enterprises </subfield>
    <subfield code="9">27775</subfield>
    <subfield code="z">United Arab Emirates</subfield>
    <subfield code="v">Case studies</subfield>
  </datafield>
  <datafield tag="650" ind1=" " ind2=" ">
    <subfield code="a">Minority business enterprises </subfield>
    <subfield code="v">Case studies</subfield>
    <subfield code="z">United Arab Emirates</subfield>
    <subfield code="9">27782</subfield>
  </datafield>
  <datafield tag="650" ind1=" " ind2=" ">
    <subfield code="a">Businesspeople </subfield>
    <subfield code="z">United Arab Emirates</subfield>
    <subfield code="9">27783</subfield>
    <subfield code="v">Case studies</subfield>
  </datafield>
  <datafield tag="650" ind1=" " ind2=" ">
    <subfield code="a">East Indians </subfield>
    <subfield code="v"> Case studies.</subfield>
    <subfield code="z">United Arab Emirates </subfield>
    <subfield code="9">27784</subfield>
  </datafield>
  <datafield tag="700" ind1=" " ind2=" ">
    <subfield code="9">27776</subfield>
  </datafield>
  <datafield tag="942" ind1=" " ind2=" ">
    <subfield code="2">ddc</subfield>
    <subfield code="c">EN</subfield>
    <subfield code="h">338.0408991405357</subfield>
    <subfield code="m">JAI</subfield>
  </datafield>
  <datafield tag="999" ind1=" " ind2=" ">
    <subfield code="c">52157</subfield>
    <subfield code="d">52157</subfield>
  </datafield>
  <datafield tag="952" ind1=" " ind2=" ">
    <subfield code="0">0</subfield>
    <subfield code="1">0</subfield>
    <subfield code="2">ddc</subfield>
    <subfield code="4">0</subfield>
    <subfield code="7">1</subfield>
    <subfield code="8">NFIC</subfield>
    <subfield code="a">DBAD</subfield>
    <subfield code="b">DBAD</subfield>
    <subfield code="d">2011-05-06</subfield>
    <subfield code="e">DBAD / PUB</subfield>
    <subfield code="g">400.00</subfield>
    <subfield code="l">0</subfield>
    <subfield code="o">338.0408991405357 JAI</subfield>
    <subfield code="p">EN-85921</subfield>
    <subfield code="r">2011-05-06 00:00:00</subfield>
    <subfield code="t">1</subfield>
    <subfield code="v">400.00</subfield>
    <subfield code="w">2011-05-06</subfield>
    <subfield code="y">EN</subfield>
  </datafield>
</record>
